Days on earth : the dance of Doris Humphrey /

Bibliographic Details
Main Author: Siegel, Marcia B.
Format: Book
Language:English
Published: New Haven : Yale University Press, [1987]
Subjects:

MARC

Tag First Indicator Second Indicator Subfields
LEADER 00000cam a2200000 a 4500
001 in00000013922
005 20151007052110.0
008 870226s1987 ctua b 00110beng
010 |a  87006150  
020 |a 0300038569 (alk. paper) 
035 |a (OCoLC)15317857 
035 |9 AAA6268AM 
040 |a DLC  |c DLC  |d TXA  |d UtOrBLW 
043 |a n-us--- 
049 |a TXAM  |c [A12606592] 
050 0 0 |a GV1785.H8  |b S54 1988 
050 4 |a GV1785.H8  |b S54 1987 
082 0 |a 793.3/2/0924  |a B  |2 19 
100 1 |a Siegel, Marcia B. 
245 1 0 |a Days on earth :  |b the dance of Doris Humphrey /  |c Marcia B. Siegel. 
264 1 |a New Haven :  |b Yale University Press,  |c [1987] 
264 4 |c ©1987 
300 |a xv, 333 pages :  |b illustrations ;  |c 24 cm. 
336 |a text  |b txt  |2 rdacontent 
337 |a unmediated  |b n  |2 rdamedia 
338 |a volume  |b nc  |2 rdacarrier 
504 |a Bibliography: pages 321-324. 
504 |a Filmography: pages 297-299. 
500 |a Includes index. 
600 1 0 |a Humphrey, Doris,  |d 1895-1958. 
650 0 |a Choreographers  |z United States  |v Biography. 
650 0 |a Modern dance  |z United States. 
999 |a MARS 
999 f f |s c101f94b-6b50-382e-8615-3101fb9a0978  |i d0ee1955-34a1-35bb-88c1-f3a2e00cf0b4  |t 0 
952 f f |p ric  |a Texas A&M University  |b Rellis Campus  |c Joint Library Facility  |d Remote Storage  |t 0  |e GV1785.H8 S54 1987  |h Library of Congress classification  |i unmediated -- volume  |m A14812606592 
998 f f |a GV1785.H8 S54 1987  |t 0  |l Remote Storage